काव्य और कला तथा अन्य निबंध / (Record no. 117737)

MARC details
000 -LEADER
fixed length control field 01143nam a22002777a 4500
003 - CONTROL NUMBER IDENTIFIER
control field dpl
005 - DATE AND TIME OF LATEST TRANSACTION
control field 20191010143924.0
008 - FIXED-LENGTH DATA ELEMENTS--GENERAL INFORMATION
fixed length control field 191010b ||||| |||| 00| 0 eng d
010 ## - LIBRARY OF CONGRESS CONTROL NUMBER
LC control number B-043439
020 ## - INTERNATIONAL STANDARD BOOK NUMBER
Terms of availability 50.00
035 ## - SYSTEM CONTROL NUMBER
System control number B-043439, B-043456
037 ## - SOURCE OF ACQUISITION
Source of stock number/acquisition Cen Lib/Ret
040 ## - CATALOGING SOURCE
Original cataloging agency DPL
Language of cataloging HN
Transcribing agency 0
082 ## - DEWEY DECIMAL CLASSIFICATION NUMBER
Classification number 821.08
Item number प्रसाद
100 ## - MAIN ENTRY--PERSONAL NAME
Personal name प्रसाद , जयशंकर
9 (RLIN) 76556
245 ## - TITLE STATEMENT
Title काव्य और कला तथा अन्य निबंध /
Statement of responsibility, etc जयशंकर प्रसाद
246 ## - VARYING FORM OF TITLE
Title proper/short title Kavya or kla tatha anya nibandh
Remainder of title by Jaishankar Prasad
260 ## - PUBLICATION, DISTRIBUTION, ETC. (IMPRINT)
Place of publication, distribution, etc इलाहाबाद
Name of publisher, distributor, etc लोकभारती प्रकाशन
Date of publication, distribution, etc 2000
270 ## - ADDRESS
Address 15-ए ,महात्मा गाँधी मार्ग
City इलाहाबाद
300 ## - PHYSICAL DESCRIPTION
Extent 128पृष्ठ.
Dimensions 20सेमी(सजिल्द)
650 ## - SUBJECT ADDED ENTRY--TOPICAL TERM
Topical term or geographic name as entry element हिंदी साहित्य
9 (RLIN) 76557
650 ## - SUBJECT ADDED ENTRY--TOPICAL TERM
Topical term or geographic name as entry element हिंदी निबंध
9 (RLIN) 76558
650 ## - SUBJECT ADDED ENTRY--TOPICAL TERM
Topical term or geographic name as entry element Hindi literature
9 (RLIN) 76559
650 ## - SUBJECT ADDED ENTRY--TOPICAL TERM
Topical term or geographic name as entry element Hindi Essay
9 (RLIN) 76560
942 ## - ADDED ENTRY ELEMENTS (KOHA)
Source of classification or shelving scheme Dewey Decimal Classification
Koha item type Hindi Books
Classification part 821.08
Call number suffix प्रसाद
Holdings
Withdrawn status Lost status Damaged status Not for loan Home library Current library Date acquired Source of acquisition Cost, normal purchase price Total Checkouts Full call number Barcode Date last seen Date checked out Copy number Cost, replacement price Price effective from Koha item type Source of classification or shelving scheme Collection code
        Central Library Central Library 08/09/2015 Cen Lib /Ret 50.00 2 821.08 प्रसाद B-043439 05/03/2019 18/02/2019 1 50.00 08/09/2015 Hindi Books    
        Central Library Central Library 31/10/2016   50.00 2 821.08 प्रसाद B-002206 13/11/2018 23/10/2018 2 50.00 31/10/2016 Hindi Books Dewey Decimal Classification  
        Shahdara Branch Shahdara Branch 10/10/2019 BPPD/PUB 50.00 1 821.08 प्रसाद B-043456 22/10/2019 10/10/2019   50.00 10/10/2019 Hindi Books Dewey Decimal Classification Non-fiction

© Delhi Public Library
Hit Counter
free hit counter